| 000 | 00632cam a2200193 i 4500 | ||
|---|---|---|---|
| 020 | _a0246112611 (pbk. : v. 1) : | ||
| 082 | 0 | 0 |
_a690 _bBAR _cL-14, P-188. |
| 100 | 1 | _aBarry, R. | |
| 245 | 1 | 4 |
_aThe construction of buildings / _cR. Barry. |
| 250 | _a4th ed. | ||
| 260 |
_aLondon ; _aNew York : _bGranada, _c1980-<1982 > |
||
| 300 |
_av. <1, 2 > : _bill. ; _c28 cm. |
||
| 500 | _aIncludes indexes. | ||
| 505 | 1 | _av. 1. Construction and materials (4th ed.)--v. 2. Windows, doors, fires, stairs, finishes (3rd ed.) | |
| 526 |
_a0 _b0 _c0 _d690_000000000000000_BAR |
||
| 650 | 0 | _aBuilding. | |
| 650 | 0 |
_aMCE _9379 |
|
| 942 |
_2ddc _cBK |
||
| 999 |
_c548703 _d548703 |
||